[Event "XV Torneo Internacional de Ajedrez CIUD"]
[Site "Albacete - ESPAÑA"]
[Date "2007.09.05"]
[Round "7.1"]
[White "Khamrakulov, I."]
[Black "Burmakin, V."]
[Result "1/2-1/2"]
[WhiteElo "2592"]
[BlackElo "2581"]
[PlyCount "33"]
[EventDate "2007.09.02"]

1. e4 c6 2. d4 d5 3. exd5 cxd5 4. c4 Nf6 5. Nc3 g6 6. Qb3 Bg7 7. cxd5 O-O 8.
Be2 Na6 9. Bf3 Qb6 10. Nge2 Qxb3 11. axb3 Nb4 12. O-O Bg4 13. Bxg4 Nxg4 14. Ra5
a6 15. Bg5 Nf6 16. d6 exd6 17. Bxf6 1/2-1/2

[Event "XV Torneo Internacional de Ajedrez CIUD"]
[Site "Albacete - ESPAÑA"]
[Date "2007.09.05"]
[Round "7.2"]
[White "Lazarev, V."]
[Black "Perez Mitjans, O."]
[Result "0-1"]
[WhiteElo "2498"]
[BlackElo "2412"]
[PlyCount "72"]
[EventDate "2007.09.02"]

1. d4 d5 2. c4 Nc6 3. Nc3 dxc4 4. Nf3 Nf6 5. e4 Bg4 6. Be3 e6 7. Bxc4 Bb4 8.
Qc2 O-O 9. O-O-O Bxc3 10. bxc3 Qe7 11. h3 Bxf3 12. gxf3 Rfb8 13. Bd3 b5 14.
Rhg1 b4 15. Bh6 g6 16. Bg5 e5 17. d5 bxc3 18. Qxc3 Nd4 19. Bc4 Qc5 20. Kd2
Nxf3+ 21. Qxf3 Qxc4 22. Bxf6 Rb2+ 23. Ke1 Rab8 24. Bxe5 Rb1 25. Bf4 Qc2 26. Kf1
Qxd1+ 27. Qxd1 Rxd1+ 28. Kg2 Rxg1+ 29. Kxg1 Rb4 30. f3 Ra4 31. Bxc7 Rxa2 32. d6
Rd2 33. Kf1 Kf8 34. Ba5 Rd4 35. Ke2 Ke8 36. e5 Rh4 0-1

[Event "XV Torneo Internacional de Ajedrez CIUD"]
[Site "Albacete - ESPAÑA"]
[Date "2007.09.05"]
[Round "7.3"]
[White "Suba, M."]
[Black "Guliev, L."]
[Result "1/2-1/2"]
[WhiteElo "2525"]
[BlackElo "2454"]
[PlyCount "84"]
[EventDate "2007.09.02"]

1. d4 Nf6 2. c4 e6 3. Nc3 Bb4 4. e3 O-O 5. Bd3 d5 6. a3 Bxc3+ 7. bxc3 c5 8.
cxd5 exd5 9. Ne2 b6 10. O-O Ba6 11. Bxa6 Nxa6 12. Ng3 Ne4 13. Nxe4 dxe4 14. Qa4
Qc8 15. c4 Nc7 16. dxc5 Ne6 17. cxb6 axb6 18. Qb5 Ra5 19. Qxb6 Rh5 20. Bb2 Ng5
21. Qd6 Nf3+ 22. gxf3 Rg5+ 23. Kh1 Qh3 24. Qg3 Rxg3 25. fxg3 exf3 26. Rxf3 Qc8
27. Bd4 Qxc4 28. Rf2 Qa4 29. Rb2 h5 30. h4 Re8 31. Rb4 Qc6+ 32. Kh2 Re4 33. Rf1
Rg4 34. Rg1 Qd6 35. Kh3 Qe6 36. Kh2 Qa2+ 37. Rg2 Qxa3 38. Rb5 Qd6 39. Rxh5 f5
40. Rxf5 Rxh4+ 41. Kg1 Rg4 42. Rf4 Rg6 1/2-1/2

[Event "XV Torneo Internacional de Ajedrez CIUD"]
[Site "Albacete - ESPAÑA"]
[Date "2007.09.05"]
[Round "7.4"]
[White "Granero Roca, A."]
[Black "Rivas Pastor, M."]
[Result "0-1"]
[WhiteElo "2348"]
[BlackElo "2510"]
[PlyCount "89"]
[EventDate "2007.09.02"]

1. d4 Nf6 2. c4 e6 3. Nf3 b6 4. g3 Ba6 5. b3 b5 6. cxb5 Bxb5 7. Bg2 Bc6 8. O-O
Qc8 9. Nbd2 Qb7 10. Bb2 Be7 11. Qc2 O-O 12. Rfe1 Rc8 13. e4 d5 14. Ne5 Be8 15.
exd5 Nxd5 16. Ne4 Nd7 17. Nxd7 Bxd7 18. Nc5 Qc6 19. Rac1 Bg5 20. f4 Bf6 21. Qd2
Qd6 22. Ne4 Qe7 23. Rc5 c6 24. Rcc1 Qd8 25. Nc5 Be8 26. Qf2 a5 27. Be4 g6 28.
Bb1 Ra7 29. Rcd1 Rb8 30. Re2 Bg7 31. g4 Bh6 32. g5 Bf8 33. Rd3 Bd6 34. Re5 a4
35. Rh3 axb3 36. axb3 Bxe5 37. dxe5 Rb4 38. Ne4 Rxe4 39. Bxe4 Ra2 40. Rd3 Qa5
41. Rd2 Qb5 42. Bb1 Qxb3 43. Bxa2 Qxa2 44. Qc5 Qb1+ 45. Kf2 {....} 0-1

[Event "XV Torneo Internacional de Ajedrez CIUD"]
[Site "Albacete - ESPAÑA"]
[Date "2007.09.05"]
[Round "7.5"]
[White "Guerra Bastida, D."]
[Black "Babaev, R."]
[Result "1/2-1/2"]
[WhiteElo "2370"]
[BlackElo "2488"]
[PlyCount "24"]
[EventDate "2007.09.02"]

1. c4 Nf6 2. Nc3 g6 3. g3 Bg7 4. Bg2 O-O 5. e3 c5 6. Nge2 Nc6 7. O-O d6 8. d4
Nd7 9. h3 a6 10. a4 Nb4 11. a5 Nc6 12. e4 cxd4 1/2-1/2

[Event "XV Torneo Internacional de Ajedrez CIUD"]
[Site "Albacete - ESPAÑA"]
[Date "2007.09.05"]
[Round "7.7"]
[White "Vassallo, M."]
[Black "Vitor, A."]
[Result "1/2-1/2"]
[WhiteElo "2387"]
[BlackElo "2373"]
[PlyCount "49"]
[EventDate "2007.09.02"]

1. d4 g6 2. e4 Bg7 3. Nf3 d6 4. c3 b6 5. Bd3 Bb7 6. O-O e6 7. Re1 a6 8. Nbd2
Nd7 9. Nc4 Ne7 10. h3 h6 11. Bf4 O-O 12. e5 dxe5 13. Nfxe5 Nf6 14. Bf1 Nf5 15.
Ne3 Nxe3 16. Bxe3 Kh7 17. a4 Nd7 18. Bf4 a5 19. Qc2 Qe7 20. Nxd7 Qxd7 21. Be5
Rac8 22. Rad1 Rfd8 23. Rd3 Ba6 24. Rdd1 Bxf1 25. Kxf1 1/2-1/2

[Event "XV Torneo Internacional de Ajedrez CIUD"]
[Site "Albacete - ESPAÑA"]
[Date "2007.09.05"]
[Round "7.8"]
[White "Hernandez Carmenates, H."]
[Black "Garcia Romero, B."]
[Result "1-0"]
[WhiteElo "2544"]
[BlackElo "2258"]
[PlyCount "37"]
[EventDate "2007.09.02"]

1. c4 e6 2. Nf3 Nf6 3. Nc3 d5 4. d4 Nbd7 5. cxd5 exd5 6. Bg5 Bb4 7. e3 O-O 8.
Bd3 c5 9. O-O c4 10. Nxd5 Qa5 11. Nxb4 Qxb4 12. Be2 b5 13. Qd2 Qd6 14. Qa5 Ba6
15. a4 Qb6 16. axb5 Bxb5 17. b3 Rfc8 18. Bxf6 gxf6 19. Nd2 1-0

[Event "XV Torneo Internacional de Ajedrez CIUD"]
[Site "Albacete - ESPAÑA"]
[Date "2007.09.05"]
[Round "7.9"]
[White "Movsziszian, K."]
[Black "Quidiello, R."]
[Result "1-0"]
[WhiteElo "2534"]
[BlackElo "2207"]
[PlyCount "53"]
[EventDate "2007.09.02"]

1. e4 e5 2. Nf3 Nf6 3. Nxe5 d6 4. Nf3 Nxe4 5. Nc3 Nxc3 6. dxc3 Be7 7. Bf4 Nd7
8. Qd2 Nc5 9. O-O-O Bg4 10. Be2 Qd7 11. h3 Be6 12. Kb1 Bf6 13. Nd4 O-O 14. g4
Rfe8 15. f3 a6 16. h4 b5 17. g5 Be7 18. h5 Bc4 19. Rdg1 Bf8 20. g6 Ne6 21. Bxc4
bxc4 22. Nf5 Nxf4 23. gxf7+ Kxf7 24. Qxf4 Ke6 25. Nd4+ Kd5 26. Rg5+ Re5 27.
Qe4+ 1-0

[Event "XV Torneo Internacional de Ajedrez CIUD"]
[Site "Albacete - ESPAÑA"]
[Date "2007.09.05"]
[Round "7.10"]
[White "Fernandez Barrera, V."]
[Black "Pogorelov, R."]
[Result "1/2-1/2"]
[WhiteElo "2204"]
[BlackElo "2453"]
[PlyCount "146"]
[EventDate "2007.09.02"]

1. e4 c5 2. Nf3 Nc6 3. d4 cxd4 4. Nxd4 g6 5. Nc3 Bg7 6. Be3 Nf6 7. Bc4 O-O 8.
O-O Qc7 9. Bb3 a6 10. h3 b5 11. f4 b4 12. Nd5 Nxd5 13. Bxd5 Bb7 14. a3 e6 15.
Bxc6 Bxc6 16. Nxc6 Qxc6 17. e5 bxa3 18. Rxa3 Rfc8 19. Rf2 Bf8 20. Rd3 Rc7 21.
Rfd2 Bc5 22. Bxc5 Qxc5+ 23. Kh2 Qb4 24. Qf3 Raa7 25. c3 Qb7 26. Qxb7 Rcxb7 27.
b4 Kf8 28. Ra2 Ke7 29. Rd6 Rc7 30. Ra3 Rc4 31. g3 Rac7 32. Rdxa6 Rxc3 33. Rxc3
Rxc3 34. h4 Rb3 35. Rb6 f6 36. Rb8 fxe5 37. fxe5 Re3 38. Rb5 Re2+ 39. Kh3 h5
40. Rc5 Rb2 41. Rc4 Kd8 42. g4 Rb3+ 43. Kg2 Re3 44. gxh5 gxh5 45. Rc5 Re4 46.
b5 Rxh4 47. Kg3 Rd4 48. Rc1 Rd5 49. b6 Rb5 50. b7 Rxb7 51. Rh1 Rb3+ 52. Kf2 Kc7
53. Rxh5 Kc6 54. Rh1 Rd3 55. Re1 Kd5 56. Re2 Kd4 57. Re1 Kc3 58. Rc1+ Kd2 59.
Rc7 Kd1 60. Rc5 Kd2 61. Rc7 Rd5 62. Kf3 Rd4 63. Rc5 Rd5 64. Rc7 Kd3 65. Kf4
Rd4+ 66. Kf3 d6 67. exd6 e5 68. d7 e4+ 69. Kf2 Kd2 70. Ra7 e3+ 71. Kf3 e2 72.
Ra2+ Kc3 73. Rxe2 Rxd7 1/2-1/2

[Event "XV Torneo Internacional de Ajedrez CIUD"]
[Site "Albacete - ESPAÑA"]
[Date "2007.09.05"]
[Round "7.11"]
[White "Llavador Moron, J."]
[Black "Bolado Saez, S."]
[Result "1/2-1/2"]
[WhiteElo "2194"]
[BlackElo "2366"]
[PlyCount "77"]
[EventDate "2007.09.02"]

1. e4 c5 2. Nf3 d6 3. d4 cxd4 4. Nxd4 Nf6 5. Nc3 a6 6. Bg5 e6 7. f4 Nbd7 8. Qf3
Qc7 9. O-O-O b5 10. Bd3 Qb6 11. Bxf6 gxf6 12. Nce2 Bb7 13. Qh5 d5 14. exd5 Bxd5
15. Rhe1 O-O-O 16. Kb1 e5 17. Nb3 Kb8 18. Nc3 Bxg2 19. Qxf7 Bb4 20. Bxh7 Bxc3
21. bxc3 Qc7 22. Bf5 Nb6 23. Qxc7+ Kxc7 24. Rxd8 Rxd8 25. fxe5 fxe5 26. Nc5 Rd2
27. Nxa6+ Kd6 28. Nb4 Na4 29. Nd3 Bd5 30. Nxe5 Nxc3+ 31. Kc1 Re2 32. Nd3 Rxh2
33. Nb4 Bf7 34. a3 Rg2 35. Bd3 Kc5 36. Kb2 Na4+ 37. Kc1 Nc3 38. Kb2 Na4+ 39.
Kc1 1/2-1/2

[Event "XV Torneo Internacional de Ajedrez CIUD"]
[Site "Albacete - ESPAÑA"]
[Date "2007.09.05"]
[Round "7.12"]
[White "Valmana Canto, J."]
[Black "Picazo Lopez, J."]
[Result "0-1"]
[WhiteElo "2346"]
[BlackElo "2198"]
[PlyCount "78"]
[EventDate "2007.09.02"]

1. e4 d5 2. exd5 Nf6 3. Nf3 Nxd5 4. d4 g6 5. c4 Nb6 6. h3 Bg7 7. Nc3 O-O 8. Be3
Nc6 9. Qd2 e5 10. d5 Ne7 11. g4 f5 12. O-O-O e4 13. Ne1 fxg4 14. Nxe4 Nf5 15.
hxg4 Nxe3 16. Qxe3 Bxg4 17. f3 Bf5 18. Rd2 Qe8 19. c5 Bxe4 20. fxe4 Rxf1 21.
Rxf1 Nc4 22. Qe2 Nxd2 23. Kxd2 Bxb2 24. Nd3 Bd4 25. Rc1 Qa4 26. Rc2 Re8 27. Nf4
Bxc5 28. Ne6 Bd6 29. Qd3 Qb4+ 30. Ke2 Re7 31. a3 Qb1 32. Kd2 Rf7 33. Qd4 Qf1
34. Kc3 Qa1+ 35. Kc4 Qxa3 36. e5 Qa4+ 37. Kd3 Qb3+ 38. Rc3 Rf3+ 39. Kd2 Bb4 0-1

[Event "XV Torneo Internacional de Ajedrez CIUD"]
[Site "Albacete - ESPAÑA"]
[Date "2007.09.05"]
[Round "7.13"]
[White "Lopez Quevedo, A."]
[Black "Khamrakulov, D."]
[Result "0-1"]
[WhiteElo "2148"]
[BlackElo "2322"]
[PlyCount "106"]
[EventDate "2007.09.02"]

1. d4 d5 2. Nf3 e6 3. c4 c5 4. cxd5 exd5 5. g3 Nc6 6. Bg2 Be7 7. O-O Nf6 8. Nc3
O-O 9. Bg5 Be6 10. Bxf6 Bxf6 11. dxc5 Bxc3 12. bxc3 Qa5 13. Qd2 Qxc5 14. Nd4
Na5 15. Rab1 b6 16. Rb5 Qc4 17. Rb4 Qc5 18. Rb5 Nc4 19. Qd3 Ne5 20. Rxc5 Nxd3
21. Rb5 Nc5 22. c4 Rad8 23. Nxe6 fxe6 24. cxd5 exd5 25. Rd1 d4 26. Rb2 Na4 27.
Rb4 Nc3 28. Rd2 Rd6 29. Bf3 a5 30. Rc4 Rfd8 31. e3 b5 32. Rcxd4 Rxd4 33. exd4
b4 34. d5 a4 35. Rc2 a3 36. Be2 Rc8 37. d6 Kf8 38. d7 Rd8 39. Bg4 Ke7 40. f4
Ra8 41. Kf2 Ra6 42. Ke3 Rd6 43. h4 Rc6 44. Kf3 h5 45. Bh3 Rd6 46. Kf2 Kd8 47.
Kg2 Rd1 48. Be6 Re1 49. f5 Re2+ 50. Rxe2 Nxe2 51. Kf3 Nd4+ 52. Ke3 Nxe6 53.
fxe6 b3 0-1

[Event "XV Torneo Internacional de Ajedrez CIUD"]
[Site "Albacete - ESPAÑA"]
[Date "2007.09.05"]
[Round "7.14"]
[White "Martinez Rodriguez, P."]
[Black "Garcia Molina, F."]
[Result "1/2-1/2"]
[WhiteElo "2304"]
[BlackElo "2157"]
[PlyCount "96"]
[EventDate "2007.09.02"]

1. d4 f5 2. c4 Nf6 3. Nc3 g6 4. g3 Bg7 5. Bg2 d6 6. d5 O-O 7. Nh3 Qe8 8. O-O
Na6 9. Nf4 Nc5 10. Be3 Nfe4 11. Nb5 Qd8 12. Nd4 a5 13. Qc2 Nf6 14. h3 Bd7 15.
Rad1 Qe8 16. Nde6 Bxe6 17. dxe6 Nfe4 18. Kh2 h6 19. f3 Nf6 20. Bxc5 dxc5 21.
Nd5 Nxd5 22. Rxd5 Qc6 23. f4 Qb6 24. Rd7 Bf6 25. Qb3 Qxb3 26. axb3 Rab8 27.
Rxc7 b6 28. Rd1 Rfc8 29. Rxc8+ Rxc8 30. Rd7 Rb8 31. Bc6 Kf8 32. Rd2 Bd4 33. Kg2
Be3 34. Rc2 Rd8 35. Bd7 g5 36. Kf3 Bd4 37. Rd2 Kg7 38. Bb5 Rd6 39. e3 Be5 40.
Rxd6 Bxd6 41. e4 fxe4+ 42. Kxe4 gxf4 43. gxf4 Kf6 44. Bd7 Bc7 45. h4 Bd6 46. h5
Bc7 47. Bc8 Bd6 48. Bd7 Bc7 1/2-1/2

[Event "XV Torneo Internacional de Ajedrez CIUD"]
[Site "Albacete - ESPAÑA"]
[Date "2007.09.05"]
[Round "7.15"]
[White "Garcia Gata, J."]
[Black "Serna Lara, S."]
[Result "0-1"]
[WhiteElo "2110"]
[BlackElo "2270"]
[PlyCount "64"]
[EventDate "2007.09.02"]

1. d4 d6 2. Nf3 f5 3. g3 Nf6 4. Bg2 g6 5. O-O Bg7 6. c4 O-O 7. Nc3 c6 8. d5 e5
9. dxe6 Bxe6 10. b3 Na6 11. Ba3 Nc5 12. Ng5 Qe7 13. Nxe6 Qxe6 14. Rc1 Rad8 15.
Bxc5 dxc5 16. Qc2 Ng4 17. e3 Rfe8 18. Rce1 Qe5 19. Na4 Rd6 20. h3 Nf6 21. f4
Qe7 22. Nxc5 b6 23. Nd3 Ne4 24. Kh2 Red8 25. Rd1 Nc3 26. Rd2 Qxe3 27. Re1 Qxe1
28. Nxe1 Rxd2 29. Qc1 Re2 30. Nf3 Rd1 31. Qa3 a5 32. b4 Rxa2 0-1

[Event "XV Torneo Internacional de Ajedrez CIUD"]
[Site "Albacete - ESPAÑA"]
[Date "2007.09.05"]
[Round "7.16"]
[White "Dura Olmos, G."]
[Black "Saldano, H."]
[Result "1/2-1/2"]
[WhiteElo "2086"]
[BlackElo "2451"]
[PlyCount "79"]
[EventDate "2007.09.02"]

1. e4 c5 2. Nf3 e6 3. d4 cxd4 4. Nxd4 Nc6 5. Nb5 d6 6. c4 Nf6 7. N1c3 a6 8. Nd4
Bd7 9. Nc2 Be7 10. Be2 O-O 11. O-O Qb8 12. Be3 Rc8 13. f3 Na5 14. Na3 d5 15.
exd5 Bxa3 16. bxa3 Nxc4 17. Bxc4 Rxc4 18. Qd3 b5 19. d6 Bc6 20. a4 Nd5 21. Nxd5
Bxd5 22. axb5 axb5 23. Rfb1 b4 24. a3 Qxd6 25. axb4 Rxa1 26. Rxa1 Rxb4 27. Ra8+
Rb8 28. Qa6 Qd8 29. Rxb8 Qxb8 30. Qb6 Qc8 31. Qc5 Qe8 32. Bf4 h5 33. Qc7 Qa4
34. Qb8+ Kh7 35. Qb1+ f5 36. Qc1 h4 37. Qb2 Qd1+ 38. Kf2 h3 39. gxh3 Kg6 40.
Be5 1/2-1/2

[Event "XV Torneo Internacional de Ajedrez CIUD"]
[Site "Albacete - ESPAÑA"]
[Date "2007.09.05"]
[Round "7.17"]
[White "Jimenez Martinez, J."]
[Black "Pardo Simon, D."]
[Result "1-0"]
[WhiteElo "2207"]
[BlackElo "2080"]
[PlyCount "129"]
[EventDate "2007.09.02"]

1. d4 Nf6 2. c4 e6 3. Nc3 Bb4 4. Qc2 c5 5. dxc5 Bxc5 6. Nf3 Qb6 7. e3 Qc7 8.
Be2 a6 9. O-O b6 10. a3 Be7 11. b4 d6 12. Bb2 Bb7 13. Rfd1 Nbd7 14. Rac1 O-O
15. Nb1 Rac8 16. Nbd2 Rfd8 17. Qb3 Qb8 18. Nf1 Nf8 19. Ng3 Ng6 20. Bd4 Nd7 21.
Nh5 Bf8 22. Qb2 e5 23. Bc3 h6 24. Ng3 Qa8 25. h4 Nf6 26. h5 Ne7 27. Nh4 Ne4 28.
Nxe4 Bxe4 29. f3 Bh7 30. e4 f5 31. Nxf5 Nxf5 32. exf5 Bxf5 33. Be1 Qb7 34. Bf2
Be7 35. Bd3 Bxd3 36. Rxd3 b5 37. c5 dxc5 38. Rxd8+ Rxd8 39. Bxc5 Bxc5+ 40. Rxc5
Qe7 41. Qe2 Re8 42. Qe3 Qd6 43. Qb3+ Kh8 44. Qd5 Qf6 45. Rc6 Qg5 46. Rg6 Qe3+
47. Kh2 Qxa3 48. Qf7 Rg8 49. Qe6 Kh7 50. Qf5 Kh8 51. Qxe5 Kh7 52. Qf5 Kh8 53.
Qe6 Kh7 54. Qe4 Kh8 55. Qd4 Kh7 56. f4 a5 57. bxa5 Qxa5 58. Qe4 Kh8 59. Qe5 Kh7
60. f5 Qa4 61. f6 Qa7 62. Qf5 Qc7+ 63. g3 Kh8 64. f7 Rf8 65. Rxh6+ 1-0

[Event "XV Torneo Internacional de Ajedrez CIUD"]
[Site "Albacete - ESPAÑA"]
[Date "2007.09.05"]
[Round "7.18"]
[White "Espinosa Aranda, A."]
[Black "Sanchez Sanchez, A."]
[Result "0-1"]
[WhiteElo "2184"]
[BlackElo "2056"]
[PlyCount "112"]
[EventDate "2007.09.02"]

1. e4 e5 2. Nf3 Nc6 3. Bb5 a6 4. Ba4 Nf6 5. O-O b5 6. Bb3 Be7 7. Re1 d6 8. c3
O-O 9. h3 Nb8 10. d4 Nbd7 11. Nbd2 Bb7 12. Bc2 Re8 13. Nf1 Bf8 14. Ng3 g6 15.
a4 c6 16. Bg5 h6 17. Be3 Bg7 18. Qd2 Kh7 19. a5 Qc7 20. Nh2 d5 21. dxe5 Nxe5
22. Bb6 Qd7 23. f4 Nc4 24. Qf2 dxe4 25. Rad1 Nd5 26. Bxe4 Ncxb6 27. axb6 Qd8
28. f5 Qxb6 29. fxg6+ fxg6 30. Qxb6 Nxb6 31. Rd6 Kh8 32. Rxg6 Nc4 33. Nh5 c5
34. Bxb7 Rxe1+ 35. Kf2 Rae8 36. Nxg7 R8e2+ 37. Kg3 Ne5 38. Rxh6+ Kxg7 39. Rxa6
Rxb2 40. h4 Rc2 41. h5 Rxc3+ 42. Kf4 Rc4+ 43. Kf5 Rh4 44. Nf3 Rxh5+ 45. Kf4
Nxf3 46. Bxf3 Rhe5 47. Ra7+ Re7 48. Ra5 Rb1 49. Kf5 c4 50. Ra6 c3 51. Rg6+ Kf8
52. Rc6 b4 53. Kg6 Rbe1 54. Rc4 R1e6+ 55. Kf5 Rb6 56. Bd5 Rb5 0-1

[Event "XV Torneo Internacional de Ajedrez CIUD"]
[Site "Albacete - ESPAÑA"]
[Date "2007.09.05"]
[Round "7.19"]
[White "Mena, A."]
[Black "Cruz Lledo, P."]
[Result "1-0"]
[WhiteElo "2169"]
[BlackElo "1967"]
[PlyCount "99"]
[EventDate "2007.09.02"]

1. d4 d5 2. c4 c6 3. Nf3 Nf6 4. Nc3 a6 5. a4 e6 6. Bg5 Nbd7 7. cxd5 exd5 8. e3
Bd6 9. Bd3 O-O 10. Qc2 h6 11. Bh4 Re8 12. Bg3 Nf8 13. Bxd6 Qxd6 14. O-O Bg4 15.
Ne5 Bh5 16. h3 N6d7 17. Nxd7 Qxd7 18. b4 b5 19. Rfc1 Bg6 20. Bxg6 Nxg6 21. Ne2
Ne7 22. Nf4 Qd6 23. Nd3 f6 24. Ra2 Reb8 25. Rca1 Qd8 26. Ra3 a5 27. axb5 axb4
28. Rxa8 Rxa8 29. Rxa8 Qxa8 30. bxc6 Qxc6 31. Nxb4 Qxc2 32. Nxc2 Kf7 33. Nb4
Ke6 34. Nd3 g5 35. g4 Kf7 36. f3 f5 37. Kf2 Kf6 38. Kg3 Nc6 39. f4 Ke6 40. h4
Kf6 41. Ne5 Nb4 42. Nd7+ Ke7 43. fxg5 hxg5 44. h5 f4+ 45. exf4 gxf4+ 46. Kxf4
Nc6 47. h6 Nxd4 48. h7 Ne6+ 49. Kg3 Kxd7 50. h8=Q 1-0

[Event "XV Torneo Internacional de Ajedrez CIUD"]
[Site "Albacete - ESPAÑA"]
[Date "2007.09.05"]
[Round "7.20"]
[White "Ballester Llagaria, L."]
[Black "Serrano Marhuenda, S."]
[Result "0-1"]
[WhiteElo "2002"]
[BlackElo "2134"]
[PlyCount "104"]
[EventDate "2007.09.02"]

1. e4 c5 2. Nf3 e6 3. d4 cxd4 4. Nxd4 a6 5. Nc3 Qc7 6. Be3 Bb4 7. Qd2 Nf6 8. f3
d5 9. exd5 Nxd5 10. Nde2 O-O 11. a3 Bxc3 12. Nxc3 Nxc3 13. Qxc3 Qxc3+ 14. bxc3
Bd7 15. O-O-O Bc6 16. Bc4 Nd7 17. Rd2 Rfc8 18. Bb3 h6 19. Bd4 b5 20. Rhd1 Nf8
21. Bf2 a5 22. Kb2 a4 23. Ba2 Ng6 24. Bg3 Ne7 25. Rd3 Bd5 26. Bd6 Bxa2 27. Bxe7
Bd5 28. Bb4 Rc6 29. Rd4 Rac8 30. R4d3 g6 31. R3d2 Rd8 32. Be7 Rd7 33. Bb4 f5
34. f4 Rc4 35. g3 g5 36. Rd4 Kf7 37. Ba5 Kg6 38. R1d2 Kh5 39. h4 gxf4 40. gxf4
Rxd4 41. cxd4 Kg4 42. Rf2 Bf3 43. Bd2 Rxd4 44. Bc1 Kg3 45. Rf1 Kg2 46. Re1 Be4
47. Re3 Rc4 48. c3 Bd5 49. Rd3 Re4 50. Kc2 Re2+ 51. Kd1 Ra2 52. Bd2 Rxa3 0-1

[Event "XV Torneo Internacional de Ajedrez CIUD"]
[Site "Albacete - ESPAÑA"]
[Date "2007.09.06"]
[Round "8.2"]
[White "Rivas Pastor, M."]
[Black "Perez Mitjans, O."]
[Result "1/2-1/2"]
[WhiteElo "2510"]
[BlackElo "2412"]
[PlyCount "101"]
[EventDate "2007.09.02"]

1. c4 c5 2. Nc3 g6 3. g3 Bg7 4. Bg2 Nc6 5. d3 e5 6. a3 Nge7 7. Rb1 a5 8. h4 h6
9. h5 g5 10. e4 f5 11. exf5 Nxf5 12. Bd5 Nce7 13. Be4 O-O 14. Nge2 d6 15. b4
axb4 16. axb4 Nc6 17. Nd5 Ra2 18. Nec3 Ra7 19. bxc5 dxc5 20. Be3 Nfd4 21. Kf1
Be6 22. Kg2 Qd7 23. Rb5 Nxb5 24. Nxb5 Ra5 25. Bxc5 Rf7 26. Qb3 Bf5 27. Re1
Bxe4+ 28. Rxe4 Qf5 29. Qd1 Ra2 30. Nd6 Rxf2+ 31. Bxf2 Qxf2+ 32. Kh3 Rf3 33. Rg4
Nd4 34. Ne4 Qe2 35. Qxe2 Nxe2 36. Nc5 b6 37. Kg2 Rxg3+ 38. Rxg3 Nxg3 39. Kxg3
bxc5 40. Kg4 Kf7 41. Kf5 Bh8 42. Nc3 e4 43. Nxe4 Bd4 44. Nd6+ Ke7 45. Nb5 Bb2
46. Nc7 Kd6 47. Nd5 Bd4 48. Nb6 Kc7 49. Nd5+ Kd6 50. Nb6 Kc7 51. Nd5+ 1/2-1/2

[Event "XV Torneo Internacional de Ajedrez CIUD"]
[Site "Albacete - ESPAÑA"]
[Date "2007.09.06"]
[Round "8.3"]
[White "Khamrakulov, I."]
[Black "Movsziszian, K."]
[Result "0-1"]
[WhiteElo "2592"]
[BlackElo "2534"]
[PlyCount "33"]
[EventDate "2007.09.02"]

1. e4 g6 2. d4 Bg7 3. Nc3 c6 4. Nf3 d6 5. h3 b5 6. Be3 Nd7 7. Bd3 Qc7 8. O-O
Ngf6 9. Re1 O-O 10. a3 e5 11. Qd2 a6 12. Bh6 Bb7 13. dxe5 dxe5 14. Ne2 c5 15.
Ng3 c4 16. Bf1 Rfd8 17. Bg5 {.....} 0-1

[Event "XV Torneo Internacional de Ajedrez CIUD"]
[Site "Albacete - ESPAÑA"]
[Date "2007.09.06"]
[Round "8.4"]
[White "Vitor, A."]
[Black "Hernandez Carmenates, H."]
[Result "0-1"]
[WhiteElo "2373"]
[BlackElo "2544"]
[PlyCount "138"]
[EventDate "2007.09.02"]

1. Nf3 Nf6 2. c4 b6 3. g3 Bb7 4. Bg2 e6 5. O-O Be7 6. d4 O-O 7. Nc3 Ne4 8. Bd2
f5 9. Qc2 Nxc3 10. Bxc3 Be4 11. Qd2 Bf6 12. Ne1 Qe7 13. Rd1 d6 14. f3 Bb7 15.
e4 fxe4 16. fxe4 e5 17. d5 a5 18. Nc2 Na6 19. b3 Nc5 20. Qe2 Bc8 21. Rf2 Bd7
22. Rdf1 Bg5 23. h4 Bh6 24. Bd2 Rxf2 25. Rxf2 Bxd2 26. Qxd2 Qe8 27. Qe3 Qg6 28.
Kh2 Qg4 29. Qe2 Qg6 30. Qe3 h6 31. Na3 Qh5 32. Nb5 Bxb5 33. cxb5 Rf8 34. Rxf8+
Kxf8 35. Bf3 Qe8 36. Be2 Ke7 37. Kg2 Kd8 38. a3 a4 39. bxa4 Qg6 40. a5 bxa5 41.
Bf3 Qe8 42. Qe2 Kc8 43. Qc4 Kb7 44. a4 Kb6 45. Qc2 Qd7 46. Qf2 Kb7 47. Qe1 Kb6
48. Qe3 Qd8 49. Bd1 Qe8 50. Qf3 Qg6 51. Bc2 Kb7 52. Kh2 h5 53. Kh3 Qh6 54. Bd1
Qd2 55. b6 Kxb6 56. Be2 g6 57. Bb5 Qe1 58. Bc6 Nxe4 59. Qb3+ Kc5 60. Qb5+ Kd4
61. Qb2+ Ke3 62. Qg2 Nf2+ 63. Kh2 Qb1 64. Bb5 e4 65. Be8 Ng4+ 66. Kh3 Ne5 67.
Bb5 Qd1 68. Bc6 Qg4+ 69. Kh2 Qe2 0-1

[Event "XV Torneo Internacional de Ajedrez CIUD"]
[Site "Albacete - ESPAÑA"]
[Date "2007.09.06"]
[Round "8.5"]
[White "Minzer, C."]
[Black "Suba, M."]
[Result "1-0"]
[WhiteElo "2410"]
[BlackElo "2525"]
[PlyCount "75"]
[EventDate "2007.09.02"]

1. e4 c5 2. Nf3 d6 3. g3 Nc6 4. Bg2 Nf6 5. d3 g6 6. O-O Bg7 7. Re1 O-O 8. c3
Bg4 9. h3 Bxf3 10. Qxf3 Rc8 11. a4 a6 12. Na3 Nd7 13. Qe2 Qa5 14. Nc4 Qc7 15.
a5 Nde5 16. Nb6 Nxa5 17. Nxc8 Rxc8 18. f4 Nb3 19. Ra3 Nxc1 20. Rxc1 Nc6 21. Re1
Rd8 22. h4 Qb6 23. Kh1 h5 24. Qc2 Qc7 25. Raa1 Bf6 26. Bf3 Kg7 27. Rad1 Qb6 28.
Qg2 e6 29. Re2 Qb3 30. Rf1 d5 31. Rd2 Rd7 32. Qf2 Be7 33. exd5 exd5 34. f5 Ne5
35. Bxh5 Rd6 36. Qe1 Nc6 37. fxg6 fxg6 38. Re2 1-0

[Event "XV Torneo Internacional de Ajedrez CIUD"]
[Site "Albacete - ESPAÑA"]
[Date "2007.09.06"]
[Round "8.6"]
[White "Khamrakulov, D."]
[Black "Lazarev, V."]
[Result "0-1"]
[WhiteElo "2322"]
[BlackElo "2498"]
[PlyCount "100"]
[EventDate "2007.09.02"]

1. e4 c5 2. c3 Nf6 3. e5 Nd5 4. d4 cxd4 5. Nf3 Nc6 6. cxd4 d6 7. Bc4 Nb6 8. Bb3
dxe5 9. d5 Na5 10. Nc3 Bg4 11. Ba4+ Nxa4 12. Qxa4+ Bd7 13. Qe4 f6 14. Be3 Rc8
15. Nd2 Qc7 16. f4 Nc4 17. Nxc4 exf4 18. b3 fxe3 19. a4 e5 20. dxe6 Bc6 21. Nd5
Bxd5 22. Qxd5 Rd8 23. Qb5+ Qc6 24. Ke2 Bc5 25. Rhd1 Ke7 26. Qxc6 bxc6 27. Na5
Rxd1 28. Rxd1 Kxe6 29. Nxc6 Rc8 30. Na5 Bd6 31. Nc4 Bxh2 32. Kxe3 Rb8 33. Rb1
h5 34. Kd4 Bg3 35. Kc5 g5 36. a5 g4 37. a6 h4 38. Kd4 h3 39. gxh3 gxh3 40. Ke3
h2 41. Nd2 f5 42. Kf3 Bc7 43. Kg2 Bf4 44. Nf3 Rc8 45. Rb2 Rh8 46. Kh1 Kd5 47.
Nxh2 Kc5 48. Rf2 Rh4 49. Rc2+ Kb5 50. Kg1 Rxh2 0-1

[Event "XV Torneo Internacional de Ajedrez CIUD"]
[Site "Albacete - ESPAÑA"]
[Date "2007.09.06"]
[Round "8.8"]
[White "Picazo Lopez, J."]
[Black "Castellanos Rodriguez, R."]
[Result "1-0"]
[WhiteElo "2198"]
[BlackElo "2471"]
[PlyCount "81"]
[EventDate "2007.09.02"]

1. d4 Nf6 2. c4 g6 3. Nc3 Bg7 4. e4 d6 5. Be2 c5 6. d5 b5 7. cxb5 a6 8. b6 Qxb6
9. Nf3 O-O 10. O-O Nbd7 11. a4 Rb8 12. a5 Qa7 13. Nd2 Ne8 14. Nc4 Ne5 15. Ne3
Nc7 16. f4 Nd7 17. Nc4 Nb5 18. Na4 Nd4 19. Bd3 Nb3 20. Ra3 Nxc1 21. Qxc1 Rb4
22. Nab6 Nxb6 23. axb6 Qb7 24. Qa1 Bd7 25. Rxa6 Bb5 26. Ra7 Qb8 27. Rc1 Bxc4
28. Rxc4 Rxb2 29. e5 Qxb6 30. Rxe7 Qb3 31. Bf1 Rd2 32. Qe1 Rd1 33. Qe2 dxe5 34.
fxe5 Rxd5 35. Rf4 Rd4 36. Rf3 Qd5 37. e6 fxe6 38. Rxf8+ Bxf8 39. Rxe6 Rd2 40.
Qc4 Rxg2+ 41. Kh1 1-0